Uplatnění mikroelektroniky při řízení spotřeby energie v provozu budov

Na minha lista:
Detalhes bibliográficos
Autor principal: Dušek, Karel
Formato: Livro
Idioma:tcheco
Publicado em: Praha Ústředí vědeckých, technických a ekonomických informací 1987
Tags: Adicionar Tag
Sem tags, seja o primeiro a adicionar uma tag!

MARC

LEADER 00000nam a2200000 4500
001 c024602
005 20251204112950.1
041 0 |a cze 
044 |a CZ 
245 1 0 |a Uplatnění mikroelektroniky při řízení spotřeby energie v provozu budov  |c Karel Dušek 
264 1 |a Praha  |b Ústředí vědeckých, technických a ekonomických informací  |c 1987 
300 |a 45 s. 
100 1 |a Dušek, Karel